La crisi dell'eta medioevale nella coscienza dei contemporanei

Saved in:
Bibliographic Details
Main Author: Morghen, Raffaello (autore)
Format: Book
Language:Italian
Published: Roma Edizioni dell'Ateneo 1961
Subjects:
Tags: Add Tag
No Tags, Be the first to tag this record!

MARC

LEADER 00000nam a2200000 a 4500
001 UCY9792
003 CL-VaPUC
008 950720e19610000IT |||||||||||||||||ita|d
082 0 4 |a 940.1  |b MOR  |2 21 
100 |a Morghen, Raffaello  |e autore  |9 344171 
245 1 3 |a La crisi dell'eta medioevale nella coscienza dei contemporanei 
300 |a 123 p 
942 |c BK 
945 |d 19950720 00:00:00  |a rbrito 
260 |a Roma  |b Edizioni dell'Ateneo  |c 1961 
650 0 |a Edad media  |9 258041 
650 0 |a Historia  |9 255047 
650 0 |a Escatología  |9 314395 
583 |a last modification  |c 19950720 00:00:00  |k Rodrigo Vera 
999 |c 236829  |d 236827 
952 |0 0  |1 0  |4 0  |6 940_100000000000000_MOR_1961  |7 0  |8 A  |9 245167  |a BIBHIS  |b BIBHIS  |d 2019-11-18  |i 3109089  |o 940.1 MOR 1961  |p 3109089  |r 2025-01-20  |w 2019-11-18  |y BK  |k HIS